[Event "TUR-chT Clubs"]
[Site "Konya"]
[Date "2019.07.17"]
[Round "3.14"]
[White "Banci, Dogancan"]
[Black "Karaburun, Isa Emre"]
[Result "0-1"]
[WhiteElo "1643"]
[BlackElo "1230"]
[PlyCount "106"]
[EventDate "2019.07.16"]
[EventType "team-swiss"]
[EventRounds "9"]
[EventCountry "TUR"]
[SourceTitle "CBM 191 Extra"]
[Source "ChessBase"]
[SourceDate "2019.09.30"]
[SourceVersion "1"]
[SourceVersionDate "2019.09.30"]
[SourceQuality "1"]
[WhiteTeam "Afyonkarahisar Basari"]
[BlackTeam "Mugla Buyuksehir"]
[WhiteTeamCountry "TUR"]
[BlackTeamCountry "TUR"]

1. e4 c5 2. Nc3 Nc6 3. f4 e6 4. Nf3 Nf6 5. e5 Nd5 6. Nxd5 exd5 7. c3 d6 8. Be2 Be7 9. 0-0 0-0 10. Kh1 dxe5 11. Nxe5 Nxe5 12. fxe5 d4 13. Qc2 Qd5 14. Bd3 g6 15. Re1 c4 16. Be4 Qxe5 17. cxd4 Qxd4 18. Qc3 Qf2 19. d4 cxd3 20. Bxd3 Bf6 21. Qb4 a5 22. Qe4 Bf5 23. Qe3 Qxe3 24. Rxe3 Rad8 25. Be2 Rfe8 26. Bf3 Rxe3 27. Bxe3 Bxb2 28. Rd1 Rxd1+ 29. Bxd1 b5 30. a4 Bd7 31. axb5 Bxb5 32. Bb3 Kg7 33. Kg1 Kf6 34. Kf2 a4 35. Ba2 Bd7 36. Bb6 Be6 37. Bd8+ Kf5 38. Bb1+ Ke5 39. Kf3 a3 40. Bc7+ Kd4 41. Bd8 Kc5 42. Be7+ Kc6 43. Be4+ Bd5 44. Bxd5+ Kxd5 45. Bxa3 Bxa3 46. Kg4 f6 47. h4 Ke4 48. h5 g5 49. g3 h6 50. Kh3 f5 51. Kg2 Bd6 52. Kf2 Bxg3+ 53. Kxg3 Ke3 0-1